[Event "GRE-ch U14"]
[Site "Kallithea"]
[Date "2010.06.29"]
[Round "5"]
[White "Tsilimigakis, Hristos"]
[Black "Kalogridakis, Georgios"]
[Result "0-1"]
[WhiteElo "1628"]
[BlackElo "1759"]
[PlyCount "108"]
[EventDate "2010.06.26"]
[EventType "swiss"]
[EventRounds "9"]
[EventCountry "GRE"]
[SourceTitle "EXT 2011"]
[Source "ChessBase"]
[SourceDate "2010.11.26"]
[SourceVersion "1"]
[SourceVersionDate "2010.11.26"]
[SourceQuality "1"]

1. d4 d5 2. Nf3 Nf6 3. Bf4 e6 4. e3 c5 5. c3 Bd6 6. Bg3 Nc6 7. Nbd2 0-0 8. Bxd6 Qxd6 9. Bd3 Rd8 10. 0-0 a6 11. Qc2 b5 12. dxc5 Qxc5 13. Nb3 Qb6 14. e4 dxe4 15. Bxe4 Bb7 16. Bxc6 Bxc6 17. Nbd4 Be4 18. Qb3 Bd5 19. Qc2 Rac8 20. a3 a5 21. b4 a4 22. Rac1 Rc7 23. Qb2 Rdc8 24. Rfe1 Ne4 25. Re3 Nd6 26. Nd2 Qb7 27. f3 Qb6 28. Kf2 Re7 29. Rce1 Rce8 30. f4 Nf5 31. Rh3 Rc7 32. Kf1 Nxd4 33. cxd4 Rec8 34. Nf3 Rc2 35. Qa1 Ra2 36. Qb1 Rcc2 37. Rc1 Rf2+ 38. Kg1 Rxg2+ 39. Kh1 g6 40. Rc8+ Kg7 41. Qe1 Rge2 42. Rxh7+ Kf6 43. Qh4+ Kf5 44. Rxf7+ Ke4 45. f5+ Kd3 46. Rc1 Bxf3+ 47. Kg1 Qxd4+ 48. Qxd4+ Kxd4 49. fxe6 Rg2+ 50. Kf1 Rxh2 51. Rd7+ Ke5 52. Re1+ Kf6 53. Rf7+ Kg5 54. Re5+ Kh6 0-1